|
|
|
|
| LEADER |
00000nam2a2200000 4500 |
| 001 |
163191 |
| 005 |
20231031160714.0 |
| 035 |
|
|
|a (RuTPU)RU\TPU\book\177027
|
| 035 |
|
|
|a RU\TPU\book\177026
|
| 090 |
|
|
|a 163191
|
| 100 |
|
|
|a 20090724d1972 k y0rusy50 ca
|
| 101 |
0 |
|
|a rus
|
| 102 |
|
|
|a UA
|
| 105 |
|
|
|a a z 101zy
|
| 200 |
0 |
|
|a Ч. 5: Электротермическое и электротермомеханическое разрушение горных пород
|
| 210 |
|
|
|d 1972
|
| 215 |
|
|
|a 114 с.
|c ил.
|
| 320 |
|
|
|a Библиография в конце статей
|
| 333 |
|
|
|a Исключено из фонда НТБ ТПУ
|
| 461 |
|
1 |
|0 (RuTPU)RU\TPU\book\177024
|t Термомеханические методы разрушения горных пород
|o труды II Всесоюзной научно-технической конференции, Днепропетровск, 1972 г.
|f Академия наук Украинской ССР, Институт геотехнической механики (АН УССР ИГМ)
|v Ч. 5: Электротермическое и электротермомеханическое разрушение горных пород
|d 1972
|
| 675 |
|
|
|a 622.21(063)
|v 3
|
| 801 |
|
1 |
|a RU
|b 63413507
|c 20090123
|g PSBO
|
| 801 |
|
2 |
|a RU
|b 63413507
|c 20221117
|g PSBO
|
| 942 |
|
|
|c BK
|